Flor de santidad y Aromas de leyenda (Record no. 139080)

MARC details
000 -LEADER
campo de control de longitud fija 00574nam a2200169 4500
001 - NÚMERO DE CONTROL
campo de control 139080
003 - IDENTIFICADOR DE NÚMERO DE CONTROL
campo de control ES-MaACL
005 - FECHA Y HORA DE LA ÚLTIMA TRANSACCIÓN
campo de control 20230906195710.0
007 - CAMPO FIJO DE DESCRIPCIÓN FÍSICA--INFORMACIÓN GENERAL
campo de control de longitud fija t|
008 - DATOS DE LONGITUD FIJA--INFORMACIÓN GENERAL
campo de control de longitud fija 070214s1946 sp r ||||1| spa d
100 1# - ENTRADA PRINCIPAL--NOMBRE DE PERSONA
Nombre de persona Sanz Cuadrado, María Antonia.
9 (RLIN) 103622
245 10 - MENCIÓN DEL TÍTULO
Título Flor de santidad y Aromas de leyenda
Resto del título : estudio comparativo /
Mención de responsabilidad, etc. María Antonia Sanz Cuadrado.
260 ## - PUBLICACIÓN, DISTRIBUCIÓN, ETC.
Lugar de publicación, distribución, etc. Madrid :
Nombre del editor, distribuidor, etc. [s. n.],
Fecha de publicación, distribución, etc. 1946.
300 ## - DESCRIPCIÓN FÍSICA
Extensión 18 h. ;
Dimensiones 23 cm.
500 ## - NOTA GENERAL
Nota general Es tirada aparte de: `Cuadernos de Literatura Contemporánea`, p. 503-538.
852 ## - LOCALIZACIÓN
Ubicación ES-MaACL
Número de control de estantería 1860-F-11
Sublocalización o colección R.23110
Holdings
Estatus retirado Estado de pérdida Estado de daño No para préstamo Colección Biblioteca de origen Biblioteca actual Ubicación en estantería Fecha de adquisición Fuente de adquisición Total de préstamos Signatura topográfica completa Código de barras Visto por última vez Precio de reemplazo Tipo de ítem Koha
        Colección de folletos Biblioteca del Ateneo de Madrid Biblioteca del Ateneo de Madrid Depósito folletos 17/01/2008     1860-F-11 1144732 23/02/2023 23/02/2023 Folleto